Avatar: The Last Airbender - Episodes & Books - Statistics

General Stats
  • This quiz has been taken 72 times
  • The average score is 49 of 61
Answer Stats
Hint Explanation Answer % Correct
The Tales of Ba Sing Se 2.15 2
91%
Sozin's Comet, Part 2: The Old Masters 3.19 3
91%
Sozin's Comet, Part 4: Avatar Aang 3.21 3
91%
The Waterbending Master 1.18 1
89%
The Desert 2.11 2
89%
The Beach 3.05 3
89%
The Avatar and the Firelord 3.06 3
89%
The Boiling Rock, Part 2 3.15 3
89%
The Ember Island Players 3.17 3
89%
Sozin's Comet, Part 1: The Phoenix King 3.18 3
89%
Sozin's Comet, Part 3: Into the Inferno 3.20 3
89%
The Boy in the Iceberg 1.01 1
87%
The Waterbending Scroll 1.09 1
87%
The Blind Bandit 2.06 2
87%
City of Walls and Secrets 2.14 2
87%
Zuko Alone 2.07 2
85%
The Headband 3.02 3
85%
Sokka's Master 3.04 3
85%
The Day of Black Sun, Part 1: The Invasion 3.10 3
85%
The Warriors of Kyoshi 1.04 1
83%
The Spirit World (Winter Solstice, Part 1) 1.07 1
83%
Jet 1.10 1
83%
The Siege of the North, Part 1 1.19 1
83%
The Siege of the North, Part 2 1.20 1
83%
The Cave of Two Lovers 2.02 2
83%
The Swamp 2.04 2
83%
Bitter Work 2.09 2
83%
The Serpent's Pass 2.12 2
83%
Appa's Lost Days 2.16 2
83%
Lake Laogai 2.17 2
83%
The Earth King 2.18 2
83%
Nightmares and Daydreams 3.09 3
83%
The Day of Black Sun, Part 2: The Eclipse 3.11 3
83%
The Firebending Masters 3.13 3
83%
The Boiling Rock, Part 1 3.14 3
83%
The Fortuneteller 1.14 1
81%
The Library 2.10 2
81%
The Drill 2.13 2
81%
The Puppetmaster 3.08 3
81%
The Blue Spirit 1.13 1
80%
The Guru 2.19 2
80%
The King of Omashu 1.05 1
78%
Avatar Roku (Winter Solstice, Part 2) 1.08 1
78%
Bato of the Water Tribe 1.15 1
78%
The Southern Raiders 3.16 3
78%
The Southern Airtemple 1.03 1
76%
The Northern Air Temple 1.17 1
76%
Return to Omashu 2.03 2
76%
The Painted Lady 3.03 3
76%
The Storm 1.12 1
74%
The Avatar State 2.01 2
74%
The Chase 2.08 2
74%
The Crossroads of Destiny 2.20 2
72%
The Deserter 1.16 1
70%
The Awakening 3.01 3
70%
Imprisoned 1.06 1
69%
The Great Divide 1.11 1
67%
Avatar Day 2.05 2
63%
The Western Air Temple 3.12 3
61%
The Avatar Returns 1.02 1
54%
The Runaway 3.07 3
54%
No matching quizzes found
Score Distribution
Percent of People with Each Score
Percentile by Number Answered
Your Score History
You have not taken this quiz